Political performance, political support and political stability <the> globus framework

Na minha lista:
Detalhes bibliográficos
Autor principal: Widmaier, Ulrich
Formato: Livro
Idioma:inglês
Publicado em: Berlin Internationales Institut für Vergleichende Gesellschaftsforschung 1982
Tags: Adicionar Tag
Sem tags, seja o primeiro a adicionar uma tag!

MARC

LEADER 00000nam a2200000 4500
001 c114406
005 20190207163849.5
041 0 |a eng 
044 |a DE 
245 1 0 |a Political performance, political support and political stability  |b <the> globus framework  |c Ulrich Widmaier 
264 1 |a Berlin  |b Internationales Institut für Vergleichende Gesellschaftsforschung  |c 1982 
300 |a 51 s. 
100 1 |a Widmaier, Ulrich